Tin học ứng dụng trong tính toán kết cấu công trình
Guardat en:
| Autor principal: | |
|---|---|
| Format: | Llibre |
| Idioma: | Undetermined |
| Publicat: |
Hà Nội
Xây Dựng
1998
|
| Matèries: | |
| Etiquetes: |
Afegir etiqueta
Sense etiquetes, Sigues el primer a etiquetar aquest registre!
|
| Thư viện lưu trữ: | Trung tâm Học liệu Trường Đại học Cần Thơ |
|---|
| LEADER | 00633nam a2200169Ia 4500 | ||
|---|---|---|---|
| 001 | CTU_46313 | ||
| 008 | 210402s9999 xx 000 0 und d | ||
| 082 | |a 624.0285 | ||
| 082 | |b T312 | ||
| 100 | |a Đặng Tỉnh | ||
| 245 | 0 | |a Tin học ứng dụng trong tính toán kết cấu công trình | |
| 245 | 0 | |c Đặng Tỉnh, Nguyễn Huy Thịnh | |
| 260 | |a Hà Nội | ||
| 260 | |b Xây Dựng | ||
| 260 | |c 1998 | ||
| 650 | |a civil engineering - data processing,database management - computer programs,microsoft project ( computer program language ) | ||
| 980 | |a Trung tâm Học liệu Trường Đại học Cần Thơ | ||